| 000 | 00344nam a22001337a 4500 | ||
|---|---|---|---|
| 020 | _qHB. | ||
| 040 | _cFIZZA ISHAQ | ||
| 082 |
_a005.74 _bSIL |
||
| 100 |
_aCHATZ, SILBERS. _955478 |
||
| 245 |
_aDATA BASE SYSTEM CONCEPTS / _cSILBERS CHATZ & KORTH F.HENRY |
||
| 260 |
_aNEWYORK : _bMCGREW HILL, _c2006. |
||
| 300 | _a1142 P. ; | ||
| 942 |
_2ddc _cBK |
||
| 999 |
_c566327 _d566327 |
||